Audit organizačnej kultúry

Pojem organizačná kultúra. Referenčný model organizačnej kultúry. Audit organizačnej kultúry. Audítorský dotazník.

Gespeichert in:
Bibliographische Detailangaben
1. Verfasser: Smerek, Lukáš
Format: Buchkapitel
Sprache:Slowakisch
Schlagworte:
Tags: Tag hinzufügen
Keine Tags, Fügen Sie das erste Tag hinzu!

MARC

LEADER 00000naa$a2200000$$$4500
001 0174453
005 20221020085521.0
041 0 |a slo 
044 |a SK 
245 1 0 |a Audit organizačnej kultúry  |c Lukáš Smerek 
520 |a Pojem organizačná kultúra. Referenčný model organizačnej kultúry. Audit organizačnej kultúry. Audítorský dotazník. 
610 2 0 |a kultúra 
610 2 0 |a kultúra podniková 
610 2 0 |a audit 
610 2 0 |a dotazníky 
100 1 |a Smerek, Lukáš